Geography Quiz

Random Geography or World Quiz

World's Richest Countries Quiz Stats

 Plays Quiz Updated Jun 22, 2017

     
Support Sporcle.
Go Orange.
Score 0/30 Timer 06:00
14 Plays Today
GDP - Per Capita Country % Correct
$57,300United States
98.7%
$48,200Germany
90.9%
$42,500United Kingdom
90.4%
$46,200Canada
90.3%
$42,400France
89.8%
$49,700Sweden
83.3%
$69,300Norway
80.1%
$59,400Switzerland
78.5%
$48,800Australia
77.9%
$67,700United Arab Emirates
76.7%
$40,600Finland
76.5%
$115,700Monaco
75.4%
$46,600Denmark
73.5%
$47,900Austria
72.1%
$50,800Netherlands
68.1%
GDP - Per Capita Country % Correct
$102,000Luxembourg
67.5%
$69,400Ireland
66.2%
$44,900Belgium
65.5%
$54,100Saudi Arabia
65%
$49,900Andorra
61.6%
$65,300San Marino
61.4%
$48,100Iceland
59.6%
$50,300Bahrain
57%
$43,700Oman
53.4%
$139,100Liechtenstein
52.2%
$129,700Qatar
50.2%
$87,100Singapore
48.9%
$71,300Kuwait
46.6%
$79,700Brunei
29.8%
$49,500Taiwan
20.7%

From the Vault

Countries Ending in 'N' per Letter

by RobPro

Globetrotter status: achieved.
Remove Ads.
Support Sporcle.
Get the best of Sporcle when you Go Orange. This ad-free experience offers more features, more stats, and more fun while also helping to support Sporcle. Thank you for becoming a member.

Show Comments

Extras

Top Quizzes Today


Score Distribution

Your Account Isn't Verified!

In order to create a playlist on Sporcle, you need to verify the email address you used during registration. Go to your Sporcle Settings to finish the process.

Report this User

Report this user for behavior that violates our Community Guidelines.

Details: